| 000 | 00427nam a2200181Ia 4500 | ||
|---|---|---|---|
| 008 | 210210b1928 xxu||||| |||| 00| 0 eng d | ||
| 041 | _aeng | ||
| 082 | _a321/52 | ||
| 100 | _aMONTMORENCY (J E G De) | ||
| 245 | _aLegal system of England | ||
| 260 |
_aLondon _bEarnest Benn Limited _c1928 |
||
| 300 | _a79 | ||
| 650 | _asystem | ||
| 650 | _aLegal | ||
| 650 | _aEngland | ||
| 690 | _aPolitical Science | ||
| 906 | _a003369 | ||
| 999 |
_c121066 _d121066 |
||